Be Quick! 60 Second Version - Statistics

General Stats
  • This quiz has been taken 14 times
  • The average score is 41 of 50
Answer Stats
Hint Answer % Correct
Brimmed Brimmed
100%
Castle Castle
100%
Cloud Cloud
100%
Cost Cost
100%
Design Design
100%
Traumatic Traumatic
100%
Do Do
100%
Eel Eel
100%
Elephant Elephant
100%
Front Front
100%
Hero Hero
100%
Juice Juice
100%
Lightning Lightning
100%
Little Little
100%
Mirror Mirror
100%
Miss Miss
100%
Painting Painting
100%
Path Path
100%
Plate Plate
100%
Quote Quote
100%
Rain Rain
100%
Robe Robe
100%
Ropes Ropes
100%
Silver Silver
100%
Slop Slop
100%
Tree Tree
100%
Trotting Trotting
100%
Tuna Tuna
100%
Worry Worry
100%
Yawn Yawn
100%
Yellow Yellow
100%
Zap Zap
100%
Anthrax Anthrax
88%
Cherub Cherub
88%
Serenity Serenity
88%
Insomnia Insomnia
75%
Azure Azure
63%
Drape Drape
63%
Eight Eight
63%
Jam Jam
63%
My My
63%
Hydra Hydra
50%
Tap Tap
50%
Locked Locked
38%
Sunshine Sunshine
38%
Wolf Wolf
38%
Automatic Automatic
25%
Lit Lit
13%
Lizard Lizard
13%
Snip Snip
13%
No matching quizzes found
Score Distribution
Percent of People with Each Score
Percentile by Number Answered
Your Score History
You have not taken this quiz